000 00543nam a2200229Ia 4500
001 16375
003 GE_BSU
008 181216s||||||||xx |||||||||||||| ||und||
020 _a9780521606714
040 _cGE_BSU
100 _aBaker,Ann
245 _aShip or Sheep? An intermediate pronunciation course
250 _athird edition
260 _aCambridge
260 _buniversity press
260 _c2013
300 _a226p.ill.24cm.
541 _h78Gel.
653 _agrammar
653 _aგრამატიკა
942 _cBK
999 _c49452
_d49452